ბათუმის შოთა რუსთაველის სახელმწიფო უნივერსიტეტის ბიბლიოთეკა

Modern Novels (ბიბ.ჩანაწერი № 39792)

000 -LEADER
fixed length control field 00679nam a2200229Ia 4500
001 - CONTROL NUMBER
control field 6397
003 - CONTROL NUMBER IDENTIFIER
control field GE_BSU
005 - DATE AND TIME OF LATEST TRANSACTION
control field 20221116105223.0
008 - FIXED-LENGTH DATA ELEMENTS--GENERAL INFORMATION
fixed length control field 181216s1996||||enk|||||||||||||| ||eng||
020 ## - INTERNATIONAL STANDARD BOOK NUMBER
International Standard Book Number 0130178314 x
040 ## - CATALOGING SOURCE
Transcribing agency GE_BSU
041 ## - LANGUAGE CODE
Language code of text/sound track or separate title eng
080 ## - UNIVERSAL DECIMAL CLASSIFICATION NUMBER
Universal Decimal Classification number 821.111-31 M-29
100 ## - MAIN ENTRY--PERSONAL NAME
Personal name Martin, Alex and Robert Hill
9 (RLIN) 5596
245 ## - TITLE STATEMENT
Title Modern Novels
Remainder of title Introduction to modern English literature /
Statement of responsibility, etc. Alex Martin, Robert Hill.
264 ## - PRODUCTION, PUBLICATION, DISTRIBUTION, MANUFACTURE, AND COPYRIGHT NOTICE
Place of production, publication, distribution, manufacture New York,
Name of producer, publisher, distributor, manufacturer 1996.
300 ## - PHYSICAL DESCRIPTION
Extent 287 p.:
Other physical details 23 cm.
653 ## - INDEX TERM--UNCONTROLLED
keyword ნოველები
653 ## - INDEX TERM--UNCONTROLLED
keyword ინგლისური ლიტერატურა
700 ## - ADDED ENTRY--PERSONAL NAME
Personal name Hill, Robert.
9 (RLIN) 15847
942 ## - ADDED ENTRY ELEMENTS (KOHA)
Koha item type წიგნი
Source of classification or shelving scheme
ეგზემპლარები
Withdrawn status Lost status Source of classification or shelving scheme Damaged status Not for loan Permanent Location Current Location Shelving location Date acquired Full call number Barcode Date last seen Copy number Price effective from Koha item type Public note
          ბათუმის შოთა რუსთაველის სახელმწიფო უნივერსიტეტის მთავარი ბიბლიოთეკა ბათუმის შოთა რუსთაველის სახელმწიფო უნივერსიტეტის მთავარი ბიბლიოთეკა წიგნსაცავი 2018-12-17 821.111-31 M-29 6839 2018-12-17 6839 2018-12-17 წიგნი 12 ლ.